000 00837nam a2200253Ia 4500
003 OSt
005 20220923215606.0
006 a|||||r|||| 00| 0
007 ta
008 220922b |||||||| |||| 00| 0 hin d
024 _a180,112
037 _cTextual
040 _aARTS
_cARTS
_bhin
041 _2hin
_ahin
082 _aO152,1M11:g, N1
100 _aमाचवे, प्रभाकर
_9156279
245 0 _aबाल कृष्ण शर्मा नवीन
246 _aBāl kṛuṣhṇa sharmā navīna
260 _aदिल्ली
_b राजपाल एण्ड संस
_c1987
300 _a80 पृ.
_ccm.
650 _aहिन्दी साहित्य
_9156264
942 _hO152,1M11:g, N1
_cTEXL
_2CC
999 _c333493
_d333493